Marcatori della Lazio in UEFA Europa League 2022-2023 - Statistics

Statistiche generali
  • Questo quiz è stato fatto 22 volte
  • Il punteggio medio è 7 su 9
Statistiche sulle risposte
Partita Minuto Marcatore % Corretto
Lazio - Sturm Graz 2-2 45' Ciro Immobile
100%
Lazio - Feyenoord 4-2 4' Luis Alberto
95%
Lazio - Feyenoord 4-2 15' Felipe Anderson
85%
Midtjylland - Lazio 5-1 57' Sergej Milinković-Savić
85%
Lazio - Midtjylland 2-1 36' Sergej Milinković-Savić
85%
Lazio - Sturm Graz 2-2 71' Pedro
75%
Lazio - Midtjylland 2-1 58' Pedro
75%
Lazio - Feyenoord 4-2 28' Matías Vecino
60%
Lazio - Feyenoord 4-2 63' Matías Vecino
60%
Nessun quiz corrispondente trovato
Distribuzione punteggi
Percentuale di utenti per punteggio
Percentile per numero di risposta
I tuoi punteggi nel tempo
Non hai fatto questo quiz